Vplyv využívania sociálnych sietí na zvýšenie konkurencieschopnosti podniku diplomová práca

Guardado en:
Detalles Bibliográficos
Autor principal: Husák, Adam
Autor Corporativo: Fakulta podnikového manažmentu EU. Katedra informačného manažmentu
Otros Autores: Töröková, Anikó, 1963-
Formato: Libro
Lenguaje:eslovaco
Publicado: Bratislava 2024
Etiquetas: Agregar Etiqueta
Sin Etiquetas, Sea el primero en etiquetar este registro!

MARC

LEADER 00000nbm a2200000 4500
001 0301011
005 20250225093116.5
041 0 |a slo 
044 |a SK 
245 1 0 |a Vplyv využívania sociálnych sietí na zvýšenie konkurencieschopnosti podniku  |b diplomová práca  |c Adam Husák ; školiteľ: Anikó Töröková 
264 1 |a Bratislava  |c 2024 
300 |a 67 s. 
100 1 |a Husák, Adam 
700 1 |a Töröková, Anikó, 1963- 
710 2 |a Fakulta podnikového manažmentu EU. Katedra informačného manažmentu